<?xml version="1.0" encoding="UTF-8"?>
<record
    xmlns:xsi="http://www.w3.org/2001/XMLSchema-instance"
    xsi:schemaLocation="http://www.loc.gov/MARC21/slim http://www.loc.gov/standards/marcxml/schema/MARC21slim.xsd"
    xmlns="http://www.loc.gov/MARC21/slim">

  <leader>00659nam a2200217 c 4500</leader>
  <datafield tag="999" ind1=" " ind2=" ">
    <subfield code="c">7744</subfield>
    <subfield code="d">7744</subfield>
  </datafield>
  <controlfield tag="001">a7287117</controlfield>
  <controlfield tag="003">OSt</controlfield>
  <controlfield tag="005">20230608171705.0</controlfield>
  <controlfield tag="008">230518s        sp     | |||| 000   spa  </controlfield>
  <datafield tag="017" ind1=" " ind2=" ">
    <subfield code="a">M 5603-2023</subfield>
    <subfield code="b">Oficina Dep&#xF3;sito Legal Madrid</subfield>
  </datafield>
  <datafield tag="020" ind1=" " ind2=" ">
    <subfield code="a">9788441547940</subfield>
  </datafield>
  <datafield tag="040" ind1=" " ind2=" ">
    <subfield code="a">CDMR</subfield>
    <subfield code="c">CDMR</subfield>
    <subfield code="b">cat</subfield>
  </datafield>
  <datafield tag="100" ind1=" " ind2=" ">
    <subfield code="9">4851</subfield>
    <subfield code="a">L&#xF3;pez, Alberto</subfield>
  </datafield>
  <datafield tag="245" ind1=" " ind2=" ">
    <subfield code="a">Agencia de marketing digital </subfield>
    <subfield code="b">: creaci&#xF3;n, gesti&#xF3;n y crecimiento</subfield>
    <subfield code="c">/ Alberto L&#xF3;pez</subfield>
  </datafield>
  <datafield tag="260" ind1=" " ind2=" ">
    <subfield code="a">Madrid </subfield>
    <subfield code="b">: Anaya Multimedia</subfield>
    <subfield code="c">, 2023</subfield>
  </datafield>
  <datafield tag="300" ind1=" " ind2=" ">
    <subfield code="a">268 p&#xE0;gines</subfield>
  </datafield>
  <datafield tag="490" ind1=" " ind2=" ">
    <subfield code="a">Social Business</subfield>
  </datafield>
  <datafield tag="650" ind1=" " ind2="0">
    <subfield code="9">4161</subfield>
    <subfield code="a">M&#xE0;rqueting digital</subfield>
    <subfield code="x">Direcci&#xF3; i administraci&#xF3;</subfield>
  </datafield>
  <datafield tag="942" ind1=" " ind2=" ">
    <subfield code="2">udc</subfield>
    <subfield code="c">MON</subfield>
  </datafield>
  <datafield tag="956" ind1=" " ind2=" ">
    <subfield code="a">2</subfield>
  </datafield>
  <datafield tag="952" ind1=" " ind2=" ">
    <subfield code="0">0</subfield>
    <subfield code="1">0</subfield>
    <subfield code="4">0</subfield>
    <subfield code="7">0</subfield>
    <subfield code="a">CDMR</subfield>
    <subfield code="b">CDMR</subfield>
    <subfield code="d">2023-06-08</subfield>
    <subfield code="e">Donaci&#xF3;</subfield>
    <subfield code="g">22.00</subfield>
    <subfield code="l">1</subfield>
    <subfield code="m">1</subfield>
    <subfield code="o">Cq /52</subfield>
    <subfield code="p">CDMR23060004</subfield>
    <subfield code="r">2025-12-12</subfield>
    <subfield code="s">2025-10-13</subfield>
    <subfield code="w">2023-06-08</subfield>
    <subfield code="y">MON</subfield>
  </datafield>
</record>
